|
|
|
|
| LEADER |
01602nam a2200313 a 4500 |
| 001 |
33865 |
| 003 |
BD-DhAAL |
| 005 |
20211123111720.0 |
| 008 |
181017t2006 nyua|||| |||| 00| 0 eng d |
| 999 |
|
|
|c 40078
|d 40078
|
| 020 |
|
|
|a 9780224080514
|
| 040 |
|
|
|a BD-DhAAL
|
| 082 |
|
|
|2 23
|a 741.5973
|
| 100 |
|
|
|a Bechdel, Alison
|9 28441
|
| 245 |
|
|
|a Fun home :
|b a family tragicomic /
|c Alison Bechdel
|
| 246 |
|
|
|a Fun home
|
| 260 |
|
|
|a London :
|b Jonathan Cape,
|c 2006.
|
| 300 |
|
|
|a 232 pages ;
|b color illustrations :
|c 23 cm.
|
| 500 |
|
|
|a Fiction
|
| 505 |
|
|
|a Old father, old artificer -- A happy death -- That old catastrophe -- In the shadow of young girls in flower -- The canary-colored caravan of death -- The ideal husband -- The antihero's journey.
|
| 520 |
|
|
|a DISCOVER the BESTSELLING GRAPHIC MEMOIR behind the SENSATIONAL LONDON MUSICAL The award-winning musical adaptation that took America by storm now playing to five star reviews at the Young Vic | `A sapphic graphic treat' The TimesA moving and darkly humorous family tale, pitch-perfectly illustrated with Alison Bechdel's gothic drawings.
|
| 526 |
|
|
|a ENH
|
| 541 |
|
|
|a Karim International
|e 33865
|
| 600 |
|
|
|a Bechdel, Alison,
|d 1960-
|9 28442
|
| 650 |
|
|
|a Cartoonists
|z United States
|x Comic books, strips, etc
|9 28444
|
| 650 |
|
|
|a English language
|9 43001
|
| 852 |
|
|
|a Ayesha Abed Library
|c General Stacks
|
| 942 |
|
|
|2 ddc
|c BK
|
| 952 |
|
|
|0 0
|1 0
|2 ddc
|4 0
|6 741_597300000000000_BEC
|7 0
|9 64470
|a BRACUL
|b BRACUL
|c GEN
|d 2018-10-15
|e Karim International
|g 1032.00
|l 17
|m 55
|o 741.5973 BEC
|p 3010033865
|r 2026-04-30
|s 2026-04-16
|t 1
|v 1032.00
|w 2018-10-15
|y BK
|